[Event "LSS No Engine Cup 200 Preliminary 0"]
[Site "LSS email"]
[Date "2020.02.23"]
[Round "?"]
[White "Roggensack, Hans Peter"]
[Black "Korchut, Adam"]
[Result "1/2-1/2"]
[WhiteElo "1623"]
[BlackElo "1600"]
[PlyCount "79"]
[EventDate "2020.02.23"]
[EventType "tourn (corr)"]
[EventRounds "6"]
[EventCountry "GER"]
[SourceTitle "Corr 2022"]
[Source "ChessBase"]
[SourceDate "2021.10.24"]
[SourceVersion "1"]
[SourceVersionDate "2021.10.24"]
[SourceQuality "1"]

1. d4 d5 2. c4 e6 3. Nc3 Nf6 4. cxd5 exd5 5. Bg5 c6 6. Qc2 Be7 7. e3 h6 8. Bh4 Be6 9. Bd3 0-0 10. Nge2 Bd6 11. f3 Nbd7 12. 0-0 Qc7 13. Bg3 Bxg3 14. Nxg3 Rfd8 15. Rac1 Rac8 16. Nf5 Nf8 17. Ng3 c5 18. Nb5 Qa5 19. dxc5 N8d7 20. Qb1 Qd2 21. Rf2 Qxe3 22. b4 a5 23. Re1 Qf4 24. a3 axb4 25. axb4 b6 26. Nd6 bxc5 27. Nxc8 Rxc8 28. bxc5 Nxc5 29. Bf1 d4 30. Qb4 Nd5 31. Qd2 g6 32. Ne4 Qxd2 33. Rxd2 Nb3 34. Rb2 Nc3 35. Nd6 Rc6 36. Bc4 d3 37. Rxe6 fxe6 38. Bxe6+ Kf8 39. Bxb3 Rxd6 40. Rd2 1/2-1/2

[Event "LSS No Engine Cup 200 Preliminary 0"]
[Site "LSS email"]
[Date "2020.02.23"]
[Round "?"]
[White "Shim Ng Min, Francis"]
[Black "Roggensack, Hans Peter"]
[Result "0-1"]
[WhiteElo "1461"]
[BlackElo "1623"]
[PlyCount "52"]
[EventDate "2020.02.23"]
[EventType "tourn (corr)"]
[EventRounds "6"]
[EventCountry "GER"]
[SourceTitle "Corr 2022"]
[Source "ChessBase"]
[SourceDate "2021.10.24"]
[SourceVersion "1"]
[SourceVersionDate "2021.10.24"]
[SourceQuality "1"]

1. e4 c5 2. Nf3 e6 3. d4 cxd4 4. Nxd4 a6 5. Bd3 Bc5 6. Nb3 Be7 7. 0-0 d6 8. f4 Nd7 9. Kh1 Qc7 10. Nc3 Ngf6 11. Be3 b5 12. a3 Bb7 13. Qe2 Rc8 14. Rae1 0-0 15. h3 Nc5 16. Bd4 Nxb3 17. cxb3 e5 18. fxe5 dxe5 19. Bg1 Qd6 20. b4 Rfd8 21. Bb1 Qd2 22. Qxd2 Rxd2 23. Rf2 Rxf2 24. Bxf2 Rd8 25. Re2 Nh5 26. Be1 Bg5 0-1

[Event "LSS No Engine Cup 199 Preliminary 0"]
[Site "LSS email"]
[Date "2020.02.11"]
[Round "?"]
[White "Puzanov, Vasyl"]
[Black "Roggensack, Hans Peter"]
[Result "1-0"]
[WhiteElo "1498"]
[BlackElo "1623"]
[PlyCount "61"]
[EventDate "2020.02.11"]
[EventType "tourn (corr)"]
[EventRounds "6"]
[EventCountry "GER"]
[SourceTitle "Corr 2022"]
[Source "ChessBase"]
[SourceDate "2021.10.24"]
[SourceVersion "1"]
[SourceVersionDate "2021.10.24"]
[SourceQuality "1"]

1. d4 d5 2. Nc3 Nf6 3. Bf4 e6 4. e3 c5 5. Nb5 Na6 6. Nf3 Be7 7. h3 0-0 8. Be2 Bd7 9. 0-0 c4 10. a4 Nb4 11. Bc7 Qc8 12. Bf4 a6 13. Nc3 Nc6 14. Ne5 Nxe5 15. dxe5 Ne8 16. e4 dxe4 17. Nxe4 Bc6 18. Bf3 f5 19. exf6 Nxf6 20. Nd2 Ne4 21. Bxe4 Rxf4 22. Qe2 c3 23. bxc3 Bxe4 24. Nxe4 Qc6 25. f3 Rc8 26. Rfd1 Rf5 27. Kh1 Ra5 28. Nd6 Bxd6 29. Qxe6+ Kh8 30. Rxd6 Qxc3 31. Rad1 1-0

[Event "LSS No Engine Cup 176 Final"]
[Site "LSS email"]
[Date "2018.07.29"]
[Round "?"]
[White "Mostowik, Pawel"]
[Black "Roggensack, Hans Peter"]
[Result "1-0"]
[WhiteElo "2167"]
[BlackElo "1711"]
[PlyCount "47"]
[EventDate "2018.07.30"]
[EventType "tourn (corr)"]
[EventRounds "6"]
[EventCountry "GER"]
[SourceTitle "Corr 2022"]
[Source "ChessBase"]
[SourceDate "2021.10.24"]
[SourceVersion "1"]
[SourceVersionDate "2021.10.24"]
[SourceQuality "1"]

1. e4 c5 2. Nf3 e6 3. d4 cxd4 4. Nxd4 a6 5. Nc3 Qc7 6. Bd3 Nf6 7. 0-0 d6 8. Re1 Be7 9. a4 b6 10. Re3 Bb7 11. Rg3 g6 12. Bh6 Nbd7 13. Qd2 Nh5 14. Rh3 Nhf6 15. Rd1 Ne5 16. Be2 Nxe4 17. Nxe4 Bxe4 18. Rc3 Qb7 19. Bg7 Rg8 20. Bxe5 dxe5 21. Nb5 axb5 22. Bxb5+ Kf8 23. Qh6+ Rg7 24. Rd7 1-0

[Event "LSS No Engine Cup 176 Final"]
[Site "LSS email"]
[Date "2018.07.29"]
[Round "?"]
[White "Roggensack, Hans Peter"]
[Black "Szokol, Imre"]
[Result "1-0"]
[WhiteElo "1711"]
[BlackElo "1632"]
[PlyCount "69"]
[EventDate "2018.07.30"]
[EventType "tourn (corr)"]
[EventRounds "6"]
[EventCountry "GER"]
[SourceTitle "Corr 2022"]
[Source "ChessBase"]
[SourceDate "2021.10.24"]
[SourceVersion "1"]
[SourceVersionDate "2021.10.24"]
[SourceQuality "1"]

1. d4 Nf6 2. c4 g6 3. Nc3 d5 4. Nf3 Bg7 5. e3 0-0 6. Be2 dxc4 7. Bxc4 e6 8. 0-0 Nbd7 9. Qe2 b6 10. e4 Bb7 11. Bg5 h6 12. Bh4 g5 13. Bg3 Nh5 14. Rad1 Nxg3 15. hxg3 a6 16. Rfe1 b5 17. Bb3 Nf6 18. d5 exd5 19. exd5 Re8 20. Qd2 Rxe1+ 21. Nxe1 Qd6 22. Nc2 c5 23. dxc6 Qxc6 24. Ne3 Re8 25. a4 Ng4 26. Bd5 Qc7 27. Nxg4 b4 28. Ne4 Rxe4 29. Bxe4 Bxe4 30. Qd8+ Qxd8 31. Rxd8+ Kh7 32. Rb8 Bxb2 33. Rxb4 Bf5 34. Ne3 Bc3 35. Rc4 1-0

[Event "LSS No Engine Cup 176 Preliminary 0"]
[Site "LSS email"]
[Date "2018.01.21"]
[Round "?"]
[White "Buchaillot, Luis"]
[Black "Roggensack, Hans Peter"]
[Result "1/2-1/2"]
[WhiteElo "1924"]
[BlackElo "1666"]
[PlyCount "36"]
[EventDate "2018.01.22"]
[EventType "tourn (corr)"]
[EventRounds "6"]
[EventCountry "GER"]
[SourceTitle "Corr 2022"]
[Source "ChessBase"]
[SourceDate "2021.10.24"]
[SourceVersion "1"]
[SourceVersionDate "2021.10.24"]
[SourceQuality "1"]

1. Nf3 d5 2. c4 c6 3. b3 Nf6 4. g3 Bg4 5. Bg2 e6 6. Bb2 Nbd7 7. h3 Bxf3 8. Bxf3 a5 9. d3 Bd6 10. 0-0 0-0 11. d4 Ne4 12. Nc3 f5 13. e3 Qe7 14. Rb1 Ndf6 15. Rc1 Ba3 16. Bxa3 Qxa3 17. Qe2 Nxc3 18. Rxc3 Ne4 1/2-1/2

[Event "LSS No Engine Cup 176 Preliminary 0"]
[Site "LSS email"]
[Date "2018.01.21"]
[Round "?"]
[White "Keller, Thomas"]
[Black "Roggensack, Hans Peter"]
[Result "0-1"]
[WhiteElo "1528"]
[BlackElo "1666"]
[PlyCount "30"]
[EventDate "2018.01.22"]
[EventType "tourn (corr)"]
[EventRounds "6"]
[EventCountry "GER"]
[SourceTitle "Corr 2022"]
[Source "ChessBase"]
[SourceDate "2021.10.24"]
[SourceVersion "1"]
[SourceVersionDate "2021.10.24"]
[SourceQuality "1"]

1. e4 c5 2. Nf3 e6 3. d4 cxd4 4. Nxd4 a6 5. c4 Nf6 6. Nc3 Qc7 7. a3 b6 8. g3 Bb7 9. Bg2 d6 10. Bg5 Be7 11. Bxf6 Bxf6 12. Qd3 Nd7 13. b3 0-0 14. 0-0 Nc5 15. Nxe6 fxe6 0-1

[Event "OP-2018-0-04511"]
[Site "LSS email"]
[Date "2018.01.11"]
[Round "?"]
[White "Madrid Sole, Antonio"]
[Black "Roggensack, Hans Peter"]
[Result "1/2-1/2"]
[WhiteElo "1827"]
[BlackElo "2146"]
[PlyCount "40"]
[EventDate "2018.01.06"]
[EventType "tourn (corr)"]
[EventRounds "4"]
[EventCountry "GER"]
[SourceTitle "Corr 2022"]
[Source "ChessBase"]
[SourceDate "2021.10.24"]
[SourceVersion "1"]
[SourceVersionDate "2021.10.24"]
[SourceQuality "1"]

1. d4 d5 2. Nf3 c6 3. Bf4 Qb6 4. Qc1 Nf6 5. e3 Bf5 6. Be2 Nbd7 7. h3 h6 8. 0-0 e6 9. Nbd2 Be7 10. c4 a5 11. a3 a4 12. c5 Qa7 13. Qc3 0-0 14. Rfc1 Rfc8 15. b4 axb3 16. Qxb3 b6 17. cxb6 Qxb6 18. a4 Bb4 19. Qb2 c5 20. Bb5 Bxd2 1/2-1/2

[Event "Hastings Masters op 92nd"]
[Site "Hastings"]
[Date "2016.12.31"]
[Round "4"]
[White "Roggensack, Hans Peter"]
[Black "Warnke, Klaus"]
[Result "1-0"]
[WhiteElo "2055"]
[BlackElo "1695"]
[PlyCount "69"]
[EventDate "2016.12.28"]
[EventType "swiss"]
[EventRounds "9"]
[EventCountry "ENG"]
[SourceTitle "CBM 176 Extra"]
[Source "ChessBase"]
[SourceDate "2017.03.02"]
[SourceVersion "1"]
[SourceVersionDate "2017.03.02"]
[SourceQuality "1"]

1. e4 c5 2. Nf3 e6 3. c4 Nc6 4. Nc3 d6 5. d4 cxd4 6. Nxd4 g6 7. Be2 Bg7 8. Be3 a6 9. 0-0 Nge7 10. Qd2 0-0 11. Rfd1 Qa5 12. Nb3 Qb4 13. Qxd6 Bxc3 14. bxc3 Qxc3 15. Rac1 Qe5 16. Qxe5 Nxe5 17. Bc5 Re8 18. f4 N5c6 19. e5 Rb8 20. Bb6 Kg7 21. Nc5 Nf5 22. Ne4 Re7 23. Nf6 g5 24. g3 Kg6 25. Kf2 Kg7 26. Kf3 Nh6 27. Bd8 g4+ 28. Kf2 Nxd8 29. Rxd8 b6 30. h3 gxh3 31. g4 Kg6 32. Bd3+ Kg7 33. Kg3 Ra7 34. g5 Nf5+ 35. Bxf5 1-0

[Event "Frankfurt-chA"]
[Site "Frankfurt"]
[Date "2016.05.09"]
[Round "3"]
[White "Roggensack, Hans Peter"]
[Black "Kuhn, Gerhard"]
[Result "1/2-1/2"]
[WhiteElo "1992"]
[BlackElo "1901"]
[PlyCount "51"]
[EventDate "2016.04.25"]
[EventType "swiss"]
[EventRounds "9"]
[EventCountry "GER"]
[SourceTitle "EXT 2018"]
[Source "ChessBase"]
[SourceDate "2017.10.13"]
[SourceVersion "1"]
[SourceVersionDate "2017.10.13"]
[SourceQuality "1"]

1. e4 c6 2. Nc3 d5 3. Nf3 dxe4 4. Nxe4 Bf5 5. Ng3 Bg6 6. Nh4 e6 7. Nxg6 hxg6 8. d4 Nf6 9. Be2 Bd6 10. c3 Qc7 11. Qd3 Nbd7 12. Bd2 0-0-0 13. 0-0-0 Kb8 14. Kb1 Bf4 15. Bxf4 Qxf4 16. Qf3 g5 17. h3 Nd5 18. Rhe1 N7f6 19. Nf1 Ne4 20. Qxf4+ Nxf4 21. Bf3 Nd6 22. Ng3 Kc7 23. Ne2 Ng6 24. Ng1 Nf4 25. Ne2 Ng6 26. Ng1 1/2-1/2

[Event "Frankfurt-chA"]
[Site "Frankfurt"]
[Date "2016.04.25"]
[Round "1"]
[White "Roggensack, Hans Peter"]
[Black "Weiland, Thomas"]
[Result "1-0"]
[WhiteElo "1992"]
[BlackElo "1673"]
[PlyCount "117"]
[EventDate "2016.04.25"]
[EventType "swiss"]
[EventRounds "9"]
[EventCountry "GER"]
[SourceTitle "EXT 2018"]
[Source "ChessBase"]
[SourceDate "2017.10.13"]
[SourceVersion "1"]
[SourceVersionDate "2017.10.13"]
[SourceQuality "1"]

1. e4 d5 2. exd5 Qxd5 3. Nc3 Qd8 4. d4 Nf6 5. Nf3 Bf5 6. Bd3 Bxd3 7. Qxd3 c6 8. Bg5 e6 9. 0-0-0 Nbd7 10. Nd2 Be7 11. f4 Qa5 12. Nc4 Qc7 13. f5 0-0-0 14. fxe6 fxe6 15. Qh3 Bb4 16. Rhf1 Rde8 17. Bf4 Qd8 18. a3 Bf8 19. Rfe1 Nd5 20. Bd2 Nxc3 21. Bxc3 Qg5+ 22. Kb1 Qd5 23. Ne5 Nf6 24. Nf7 Rg8 25. Re5 Qd7 26. Ng5 Nd5 27. Rde1 Bd6 28. R5e4 h6 29. Nxe6 Nxc3+ 30. Qxc3 b6 31. g3 g5 32. d5 c5 33. Qe3 Re7 34. c4 Rge8 35. Qe2 Rg8 36. Rf1 Rf7 37. Rf2 Rxf2 38. Qxf2 Qh7 39. Qe2 Qf5 40. Ka2 b5 41. Qg4 Qxg4 42. Rxg4 a6 43. b4 cxb4 44. c5 Be5 45. axb4 Kd7 46. h4 Bf6 47. hxg5 hxg5 48. Kb3 Rh8 49. Kc2 Rh2+ 50. Kd3 Rb2 51. Nxg5 Bxg5 52. Rxg5 Rxb4 53. Rg7+ Kd8 54. Ra7 Rb3+ 55. Kd4 Rxg3 56. c6 b4 57. d6 Ke8 58. Ra8+ Kf7 59. c7 1-0

[Event "Frankfurt-chA"]
[Site "Frankfurt"]
[Date "2015.06.15"]
[Round "7"]
[White "Zimmer, Gerald"]
[Black "Roggensack, Hans Peter"]
[Result "1/2-1/2"]
[WhiteElo "1819"]
[BlackElo "1998"]
[PlyCount "45"]
[EventDate "2015.04.27"]
[EventType "swiss"]
[EventRounds "7"]
[EventCountry "GER"]
[SourceTitle "EXT 2016"]
[Source "ChessBase"]
[SourceDate "2015.10.08"]
[SourceVersion "1"]
[SourceVersionDate "2015.10.08"]
[SourceQuality "1"]

1. Nf3 d5 2. d4 Nf6 3. c4 c6 4. cxd5 cxd5 5. Nc3 e6 6. e3 Nc6 7. Bd3 Be7 8. 0-0 0-0 9. a3 b6 10. b4 Bb7 11. Bb2 Re8 12. Rc1 Rc8 13. Qe2 Qd6 14. Nb5 Qb8 15. Rfd1 a5 16. bxa5 Nxa5 17. Ne5 Rxc1 18. Rxc1 Rc8 19. Rxc8+ Qxc8 20. f3 Nd7 21. Nxd7 Qxd7 22. Qc2 h6 23. Kf2 1/2-1/2

[Event "Frankfurt-chA"]
[Site "Frankfurt"]
[Date "2015.05.04"]
[Round "2"]
[White "Roggensack, Hans Peter"]
[Black "Kulenovic, Adnan"]
[Result "1-0"]
[WhiteElo "1998"]
[BlackElo "1853"]
[PlyCount "73"]
[EventDate "2015.04.27"]
[EventType "swiss"]
[EventRounds "7"]
[EventCountry "GER"]
[SourceTitle "EXT 2016"]
[Source "ChessBase"]
[SourceDate "2015.10.08"]
[SourceVersion "1"]
[SourceVersionDate "2015.10.08"]
[SourceQuality "1"]

1. Nf3 Nc6 2. d4 d5 3. e3 h6 4. Nbd2 Bf5 5. a3 g5 6. b4 Bg7 7. Bb2 e6 8. Bb5 Nge7 9. Nb3 0-0 10. Bd3 Qe8 11. 0-0 f6 12. c4 Qg6 13. Bxf5 Qxf5 14. cxd5 Nxd5 15. Nc5 Nb6 16. e4 Qg6 17. Nxe6 Rf7 18. Re1 Nc4 19. Bc3 Nd8 20. Nxg7 Kxg7 21. Qb3 Nb6 22. d5 Re7 23. e5 Kh7 24. exf6 Rxe1+ 25. Rxe1 Nf7 26. d6 cxd6 27. Re7 Rf8 28. h3 Kg8 29. Bd4 Rc8 30. Qe6 Rf8 31. Rxb7 Qc2 32. Rxf7 Rxf7 33. Qe8+ Rf8 34. f7+ Kh7 35. Qxf8 Qc1+ 36. Kh2 Qf4+ 37. g3 1-0

[Event "Frankfurt-chA"]
[Site "Frankfurt"]
[Date "2015.04.27"]
[Round "1"]
[White "Stricker, Konstantin"]
[Black "Roggensack, Hans Peter"]
[Result "0-1"]
[WhiteElo "1666"]
[BlackElo "1998"]
[PlyCount "156"]
[EventDate "2015.04.27"]
[EventType "swiss"]
[EventRounds "7"]
[EventCountry "GER"]
[SourceTitle "EXT 2016"]
[Source "ChessBase"]
[SourceDate "2015.10.08"]
[SourceVersion "1"]
[SourceVersionDate "2015.10.08"]
[SourceQuality "1"]

1. e4 c6 2. d4 d5 3. exd5 cxd5 4. Nf3 Nc6 5. Bb5 Bd7 6. 0-0 Nf6 7. Nc3 e6 8. Re1 Be7 9. a3 0-0 10. Ne2 a6 11. Bd3 b5 12. c3 Qb6 13. Bc2 Ne4 14. Be3 f6 15. Nd2 Nd6 16. Ng3 Rf7 17. Nb3 Nb7 18. Qd3 g6 19. Qe2 Bf8 20. Nd2 Rc8 21. Rac1 Qc7 22. Ndf1 Nba5 23. Nd2 Nc4 24. Nxc4 bxc4 25. Bb1 Na5 26. Bc2 Rb8 27. Rb1 Rb6 28. Bc1 Qb8 29. Ra1 Bd6 30. Nf1 Nb3 31. Bxb3 Rxb3 32. g3 Rb6 33. Ne3 Bf8 34. Ng4 h5 35. Ne3 Bd6 36. Qc2 Kg7 37. Qd2 Qh8 38. Ng2 Re7 39. Qc2 Qh7 40. h4 Be8 41. Re2 Bf7 42. Bd2 Qh8 43. Rae1 Qe8 44. Bc1 Rd7 45. Qd2 Kg8 46. Nf4 Bf8 47. Qc2 Re7 48. Re3 Rd6 49. b3 cxb3 50. Qxb3 Qc8 51. Qc2 Kg7 52. a4 Rc6 53. Bd2 Rb7 54. Qd3 Rbb6 55. Rc1 Rb2 56. Re2 Qb7 57. Qe3 Rb1 58. Nd3 Rxc1+ 59. Nxc1 Kg8 60. Qf4 Bg7 61. Nd3 Qb1+ 62. Ne1 e5 63. dxe5 fxe5 64. Qg5 Bf6 65. Qe3 Qb6 66. Qxb6 Rxb6 67. Nd3 Rb1+ 68. Kg2 e4 69. Nc5 Ra1 70. Nxa6 Rxa4 71. Nc5 Rc4 72. Nd7 Bxc3 73. Bxc3 Rxc3 74. Ne5 Kg7 75. Rd2 Be6 76. f3 exf3+ 77. Nxf3 Rc5 78. Nd4 Bd7 0-1

[Event "Hastings Masters op 90th"]
[Site "Hastings"]
[Date "2015.01.03"]
[Round "6"]
[White "Roggensack, Hans Peter"]
[Black "Shepley, Julien M"]
[Result "1/2-1/2"]
[WhiteElo "2010"]
[BlackElo "1942"]
[PlyCount "85"]
[EventDate "2014.12.29"]
[EventType "swiss"]
[EventRounds "9"]
[EventCountry "ENG"]
[SourceTitle "CBM 164 Extra"]
[Source "ChessBase"]
[SourceDate "2015.03.02"]
[SourceVersion "1"]
[SourceVersionDate "2015.03.02"]
[SourceQuality "1"]

1. e4 d6 2. d4 Nf6 3. Nc3 e5 4. Nf3 Nbd7 5. Bc4 Be7 6. a4 c6 7. a5 Qc7 8. 0-0 Nxe4 9. Nxe4 d5 10. Nxe5 Nxe5 11. dxe5 Qxe5 12. Re1 dxe4 13. Qe2 Be6 14. Bxe6 Qxe6 15. Qxe4 Qxe4 16. Rxe4 0-0-0 17. Be3 Bf6 18. c3 Rd5 19. Bxa7 Rhd8 20. Kf1 Rd1+ 21. Re1 Rxa1 22. Rxa1 Rd2 23. Rb1 h5 24. Ke1 Rxb2 25. Rc1 Rb5 26. Bb6 Re5+ 27. Kf1 Rb5 28. Rc2 Rb3 29. c4 Rb1+ 30. Ke2 Rb2 31. Rxb2 Bxb2 32. Kf3 Kd7 33. Kf4 Ke6 34. h3 Bc3 35. g4 Bd2+ 36. Ke4 hxg4 37. hxg4 g6 38. Kd3 Bf4 39. Ke4 Be5 40. g5 Bc3 41. Bc7 Kd7 42. Bb6 Ke6 43. Bc7 1/2-1/2

[Event "Hastings Masters op 90th"]
[Site "Hastings"]
[Date "2015.01.02"]
[Round "5"]
[White "Kheit, Wahbi"]
[Black "Roggensack, Hans Peter"]
[Result "1-0"]
[WhiteElo "2223"]
[BlackElo "2010"]
[PlyCount "45"]
[EventDate "2014.12.29"]
[EventType "swiss"]
[EventRounds "9"]
[EventCountry "ENG"]
[SourceTitle "CBM 164 Extra"]
[Source "ChessBase"]
[SourceDate "2015.03.02"]
[SourceVersion "1"]
[SourceVersionDate "2015.03.02"]
[SourceQuality "1"]

1. d4 d5 2. c4 c6 3. Nf3 e6 4. Nc3 dxc4 5. a4 Bb4 6. e3 b5 7. Bd2 Bb7 8. b3 a5 9. bxc4 Bxc3 10. Bxc3 b4 11. Bb2 Nf6 12. Bd3 c5 13. 0-0 Nc6 14. d5 exd5 15. Qc2 d4 16. exd4 cxd4 17. Rfe1+ Kf8 18. c5 Qd5 19. Bb5 g6 20. Rad1 Kg7 21. Bxc6 Qxc6 22. Rxd4 Rhd8 23. Rf4 1-0

[Event "Hastings Masters op 90th"]
[Site "Hastings"]
[Date "2015.01.01"]
[Round "4"]
[White "Roggensack, Hans Peter"]
[Black "McKenna, John R"]
[Result "1-0"]
[WhiteElo "2010"]
[BlackElo "1722"]
[PlyCount "79"]
[EventDate "2014.12.29"]
[EventType "swiss"]
[EventRounds "9"]
[EventCountry "ENG"]
[SourceTitle "CBM 164 Extra"]
[Source "ChessBase"]
[SourceDate "2015.03.02"]
[SourceVersion "1"]
[SourceVersionDate "2015.03.02"]
[SourceQuality "1"]

1. e4 d5 2. exd5 Nf6 3. d4 c6 4. dxc6 Nxc6 5. Nf3 Bg4 6. c3 Qd5 7. Be2 e6 8. Qb3 Bd6 9. Qxd5 exd5 10. Be3 0-0 11. Nbd2 Rfe8 12. h3 Bh5 13. g4 Bg6 14. Nh4 Rxe3 15. Nxg6 Re6 16. Ne5 Nxe5 17. dxe5 Bxe5 18. Kf1 d4 19. cxd4 Bxd4 20. Bf3 Rb6 21. Nc4 Rb4 22. Rc1 Rc8 23. b3 b5 24. Rd1 bxc4 25. Rxd4 a5 26. Rxc4 Rbxc4 27. bxc4 Rxc4 28. Kg2 h6 29. Rb1 Ne4 30. Rb5 a4 31. Ra5 Nc3 32. a3 Nb1 33. Bd5 Rd4 34. Ra8+ Kh7 35. Bxf7 Nxa3 36. Be8 Nc2 37. Rxa4 Rxa4 38. Bxa4 Ne1+ 39. Kg3 Nd3 40. Bc2 1-0

[Event "Wiesbaden op 26th"]
[Site "Wiesbaden"]
[Date "2014.08.31"]
[Round "6"]
[White "Roggensack, Hans Peter"]
[Black "Leidorf, Sebastian"]
[Result "1-0"]
[WhiteElo "1970"]
[BlackElo "2052"]
[PlyCount "69"]
[EventDate "2014.08.28"]
[EventType "swiss"]
[EventRounds "7"]
[EventCountry "GER"]
[SourceTitle "CBM 162 Extra"]
[Source "ChessBase"]
[SourceDate "2014.10.17"]
[SourceVersion "1"]
[SourceVersionDate "2014.10.17"]
[SourceQuality "1"]

1. e4 e6 2. d4 d5 3. Nd2 Nf6 4. e5 Nfd7 5. f4 c5 6. c3 Nc6 7. Ndf3 Qb6 8. Ne2 Be7 9. g3 0-0 10. Bh3 Kh8 11. 0-0 cxd4 12. cxd4 Rg8 13. Kh1 h6 14. f5 exf5 15. Nf4 Nf8 16. Nxd5 Qd8 17. Nc3 f6 18. e6 Bb4 19. Bxf5 Bxc3 20. bxc3 Qd5 21. Qd3 Na5 22. Be4 Qxe6 23. d5 Qd6 24. Bf4 Qc5 25. Nd4 Bd7 26. Nb3 Nxb3 27. axb3 Rc8 28. c4 Bh3 29. Rfc1 Nd7 30. Be3 Qe7 31. d6 Qe5 32. Bf4 Qb2 33. Rab1 Qa2 34. Ra1 Qb2 35. Rcb1 1-0

[Event "Frankfurt-chA"]
[Site "Frankfurt"]
[Date "2014.05.12"]
[Round "3"]
[White "Straub, Fabian"]
[Black "Roggensack, Hans Peter"]
[Result "1/2-1/2"]
[WhiteElo "1816"]
[BlackElo "1955"]
[PlyCount "88"]
[EventDate "2014.04.28"]
[EventType "swiss"]
[EventRounds "7"]
[EventCountry "GER"]
[SourceTitle "EXT 2015"]
[Source "ChessBase"]
[SourceDate "2014.11.20"]
[SourceVersion "1"]
[SourceVersionDate "2014.11.20"]
[SourceQuality "1"]

1. e4 e5 2. Nf3 Nf6 3. d4 Nxe4 4. Bd3 d5 5. Nxe5 Nd7 6. 0-0 Nxe5 7. dxe5 Nc5 8. Nc3 c6 9. Qf3 Nxd3 10. cxd3 Qh4 11. Bf4 Qg4 12. Qxg4 Bxg4 13. d4 Be7 14. Rfc1 0-0 15. Na4 Rac8 16. a3 Be2 17. b4 b6 18. Nb2 c5 19. Rc2 Ba6 20. dxc5 bxc5 21. Bd2 f6 22. exf6 Bxf6 23. bxc5 d4 24. Bb4 d3 25. Rd2 Bd4 26. Rad1 Rf7 27. Nxd3 Bxd3 28. Rxd3 Bxf2+ 29. Kh1 Bxc5 30. Rd8+ Rxd8 31. Rxd8+ Rf8 32. Rxf8+ Bxf8 33. Kg1 Bxb4 34. axb4 Kf7 35. Kf2 Ke6 36. Ke3 Kd5 37. Kd3 g5 38. g4 a6 39. h3 Kc6 40. Kd4 Kb6 41. Kc3 Kb5 42. Kb3 Kb6 43. Ka4 h6 44. Ka3 Kc7 1/2-1/2

[Event "Frankfurt-chA"]
[Site "Frankfurt"]
[Date "2014.04.28"]
[Round "1"]
[White "Imelmann, Esther"]
[Black "Roggensack, Hans Peter"]
[Result "0-1"]
[WhiteElo "1662"]
[BlackElo "1955"]
[PlyCount "74"]
[EventDate "2014.04.28"]
[EventType "swiss"]
[EventRounds "7"]
[EventCountry "GER"]
[SourceTitle "EXT 2015"]
[Source "ChessBase"]
[SourceDate "2014.11.20"]
[SourceVersion "1"]
[SourceVersionDate "2014.11.20"]
[SourceQuality "1"]

1. d4 d5 2. c4 c6 3. Nc3 dxc4 4. e3 b5 5. Nxb5 cxb5 6. Qf3 Nc6 7. Qxc6+ Bd7 8. Qf3 e5 9. Bd2 exd4 10. Qe4+ Be7 11. exd4 Nf6 12. Qe5 0-0 13. Nf3 Re8 14. 0-0-0 Bc6 15. h4 Ne4 16. Qh5 c3 17. Bxc3 Nxc3 18. Bd3 g6 19. Qg4 Nd5 20. Ne5 Rc8 21. Kb1 Nf6 22. Qg3 Be4 23. h5 Bf8 24. hxg6 Bxd3+ 25. Rxd3 fxg6 26. Nxg6 hxg6 27. Qxg6+ Bg7 28. Rdh3 Re1+ 29. Rxe1 Qxd4 30. Rd3 Qxf2 31. Rde3 Qh4 32. Re7 Qh7 33. Qxh7+ Kxh7 34. Rxa7 Nd5 35. Rb7 b4 36. Rc1 Re8 37. Rd7 Re2 0-1

[Event "Hastings Masters op 89th"]
[Site "Hastings"]
[Date "2014.01.03"]
[Round "7"]
[White "Clayton, Tristan"]
[Black "Roggensack, Hans Peter"]
[Result "0-1"]
[WhiteElo "1832"]
[BlackElo "1972"]
[PlyCount "106"]
[EventDate "2013.12.28"]
[EventType "swiss"]
[EventRounds "9"]
[EventCountry "ENG"]
[SourceTitle "CBM 158 Extra"]
[Source "ChessBase"]
[SourceDate "2014.02.28"]
[SourceVersion "1"]
[SourceVersionDate "2014.02.28"]
[SourceQuality "1"]

1. e4 Nf6 2. e5 Nd5 3. d4 d6 4. c4 Nb6 5. Nf3 dxe5 6. Nxe5 g6 7. Be2 Bg7 8. 0-0 0-0 9. Be3 c5 10. Nc3 Na6 11. f4 cxd4 12. Bxd4 Be6 13. b3 Nd7 14. Nxd7 Qxd7 15. Bxg7 Kxg7 16. Qxd7 Bxd7 17. Bf3 Bc6 18. Bxc6 bxc6 19. Rfe1 e6 20. Rad1 Rfd8 21. Rxd8 Rxd8 22. Rd1 Rxd1+ 23. Nxd1 Kf6 24. Kf2 e5 25. Ke3 Ke6 26. fxe5 Kxe5 27. Nc3 f5 28. Ne2 Nb4 29. a3 Nc2+ 30. Kd2 Nd4 31. Nc1 Ke4 32. b4 f4 33. Na2 Nf5 34. Nc3+ Kd4 35. b5 c5 36. a4 Nd6 37. Ne2+ Kxc4 38. Nxf4 Kb4 39. Nd3+ Kxa4 40. Nxc5+ Kxb5 41. Ne6 Ne4+ 42. Kc2 Kc4 43. g4 Nf2 44. Nf8 Nxg4 45. Nxh7 Nxh2 46. Ng5 Ng4 47. Kb2 Ne5 48. Ka3 Nc6 49. Ka4 a6 50. Nf3 Kc3 51. Ng5 Kd3 52. Nf7 Ke4 53. Kb3 Kf4 0-1

[Event "Hastings Masters op 89th"]
[Site "Hastings"]
[Date "2014.01.02"]
[Round "6"]
[White "Roggensack, Hans Peter"]
[Black "Dennis, Nigel W"]
[Result "1/2-1/2"]
[WhiteElo "1972"]
[BlackElo "1848"]
[PlyCount "43"]
[EventDate "2013.12.28"]
[EventType "swiss"]
[EventRounds "9"]
[EventCountry "ENG"]
[SourceTitle "CBM 158 Extra"]
[Source "ChessBase"]
[SourceDate "2014.02.28"]
[SourceVersion "1"]
[SourceVersionDate "2014.02.28"]
[SourceQuality "1"]

1. e4 c5 2. Nf3 d6 3. Bb5+ Bd7 4. Bxd7+ Qxd7 5. c4 Nc6 6. d4 cxd4 7. Nxd4 Nf6 8. Nc3 e6 9. 0-0 Be7 10. Re1 0-0 11. b3 a6 12. Bb2 Nxd4 13. Qxd4 b5 14. Rad1 Qc6 15. cxb5 axb5 16. a4 bxa4 17. bxa4 Rfb8 18. Nb5 Bf8 19. Ba3 d5 20. Bxf8 Kxf8 21. exd5 Nxd5 22. Ra1 1/2-1/2